Регионална библиотека "Любен Каравелов" - Русе

Подмолите на времето (Запис номер 323191)

MARC детайли
000 -Лидер
Контролно поле с фиксирана дължина aam a22 a 4500
003 - Код на организацията, давaща контролен номер
Контролно поле BLK
005 - Дата и час на последна редакция
Контролно поле 20201007040442.0
008 - Елементи от данни с фиксирана дължина
fixed length control field 181015b bu ||||| |||| 00| 0 bu d
020 ## - Международен стандартен номер на книга ISBN
Международен стандартен номер на книга ISBN 9786197206579
040 ## - Източник на каталожния запис
Идентификатор на билиотеката - собственик на записа BLK
041 ## - Код за език
Код за езика на текст/звукозапис или на отделно заглавие Български
Код за езика КДБФ Български
080 ## - УДК
Текстов определител УДК Българска литература
УДК код - определител по УДК 821.163.2
УДК определител -32
УДК - код + определител 821.163.2-32
100 ## - Редна дума - Автор
Автор Самарянска, Зорница
Авторска отговорност първи автор
R(LIN) 1299
139 ## - Редно поле
Редна дума Самарянска, Зорница
Авторски знак Сам - С 16
245 ## - Сведения за заглавието
Заглавие Подмолите на времето
Подзаглавни данни Повести
260 ## - Област на издателските данни
Име на издателя, разпространителя и проч. Екобелан
Година на издаване 2017
Място на издаване, разпространение и проч. Асеновград
300 ## - Физическа характеристика
Страници 112 с.
Размери/Мащаб 20 см
380 ## - Жанр
Жанр Худож. лит.
500 ## - Общи забележки
Забележка Истинското име на авт. - Милена Митева.
700 ## - Други автори (авторска отговорност)
Лично име Митева, Милена
Автороска отговорност (Описва отношението между автора и произведението) първи автор
9 (RLIN) 1299
852 ## - Местоположение
Форматна сигнатура Цб 293190
999 ## - СИСТЕМНИ КОНТРОЛНИ НОМЕРА
Koha biblionumber 323191
Koha biblioitemnumber 323191
942 ## - АРТИКУЛИ
Вид на библиотечния материал Книги
Източник на класификационната схема Universal Decimal Classification
Скрит в OPAC Не
Koha issues (borrowed), all copies 2
999 ## - СИСТЕМНИ КОНТРОЛНИ НОМЕРА
Koha biblioitemnumber 323191
999 ## - СИСТЕМНИ КОНТРОЛНИ НОМЕРА
Koha biblioitemnumber 323191
999 ## - СИСТЕМНИ КОНТРОЛНИ НОМЕРА
Koha biblioitemnumber 323191
Наличности
Код за отписване Код за изгубен артикул Източник на класификационната схема Код за повреда Код за отдаване Артикулен № Име на библиотеката - собственик Име на библиотеката, в която се намира в момента Статус (Текущо местоположение) Дата на вписване в системата Местоположение - отдел Цена в лева Инвентарен номер Систематично азбучна сигнатура Баркод Цена в евро Служебен тип на артикула Коз за рестрикции
  Не е изгубен Universal Decimal Classification Не е повреден заемане за дома 677951 Регионална библиотека "Любен Каравелов" Русе Регионална библиотека "Любен Каравелов" Русе Заемна - подръчен фонд 2018-06-26 Заемна - подръчен фонд 19.00 120000821743 П 886.7-32/С 16 120000821743 9.71 Книги  
Изтеглен Не е изгубен Universal Decimal Classification Не е повреден заемане за дома 677952 Регионална библиотека "Любен Каравелов" Русе Регионална библиотека "Любен Каравелов" Русе Заемна - подръчен фонд 2018-06-26 Заемна - подръчен фонд 19.00 120000821742 П 886.7-32/С 16 120000821742 9.71 Книги  
  Не е изгубен Universal Decimal Classification Не е повреден заемане за дома 677953 Регионална библиотека "Любен Каравелов" Русе Регионална библиотека "Любен Каравелов" Русе Заемна - подръчен фонд 2018-06-26 Заемна - подръчен фонд 19.00 120000821744 П 886.7-32/С 16 120000821744 9.71 Книги  
Изтеглен Не е изгубен Universal Decimal Classification Не е повреден заемане за дома 677954 Регионална библиотека "Любен Каравелов" Русе Регионална библиотека "Любен Каравелов" Русе Заемна - подръчен фонд 2018-06-26 Заемна - подръчен фонд 19.00 120000821745 П 886.7-32/С 16 120000821745 9.71 Книги  
  Не е изгубен Universal Decimal Classification Не е повреден ползва се в читалня 689181 Регионална библиотека "Любен Каравелов" Русе Регионална библиотека "Любен Каравелов" Русе Хранилище 2019-02-12 Хранилище 4.00   Цб 293190 120000829301 2.05 Книги без рестрикции
Vip Innovations Ltd, Rousse, Bulgaria 2025